Toronto Longest Streets: York-West End Quiz Stats

 Plays Quiz not verified by Sporcle

Score 0/30 Timer 08:00
0 Plays Today
Hint Answer % Correct
7.8Jane Street
83.3%
5.0Bloor Street
79.2%
5.1Eglinton Avenue
75%
7.2Weston Road
70.8%
7.1Keele Street
70.8%
6.8Dundas Street
70.8%
5.3St. Clair Avenue
70.8%
2.9Queen's Drive
66.7%
3.0Runnymede Road
62.5%
2.3The Queensway
62.5%
5.7Lawrence Avenue
58.3%
4.2Lansdowne Avenue
58.3%
4.3Lake Shore Boulevard
54.2%
5.5Caledonia Road
50%
3.3Black Creek Drive
50%
Hint Answer % Correct
2.5Annette Street
37.5%
3.2Indian Road
33.3%
2.5Rogers Road
29.2%
3.8Windermere Avenue
20.8%
2.5Brock Avenue
20.8%
2.3Trethewey Drive
20.8%
3.4St. Clarens Avenue
16.7%
2.5Maple Leaf Drive
16.7%
2.6Culford Road
8.3%
2.9Rustic Road
4.2%
2.3Durie Street
4.2%
2.3Falstaff Avenue
4.2%
2.2Beresford Avenue
4.2%
2.0Harvie Avenue
4.2%
2.0Silverthorn Avenue
4.2%

You're not logged in!

Compare scores with friends on all Sporcle quizzes.
OR
Log In

Sporcle TV

Today on Sporcle TV


Watch our educational content, quiz creation guides, and fun videos on Sporcle TV.

Show Comments

Extras

Created Jan 25, 2015ReportNominate
Tags:boundary, end, longest, note, street, toronto, west

Top Quizzes Today


Score Distribution

Your Account Isn't Verified!

In order to create a playlist on Sporcle, you need to verify the email address you used during registration. Go to your Sporcle Settings to finish the process.

Report this User

Report this user for behavior that violates our Community Guidelines.

Details: